01314nam a2200325Ia 4500001001200000003000800012006001900020007001500039008004100054010001700095020001800112020001500130040002100145035002100166050002300187100002200210245011400232260005800346300002400404500006200428504006400490533015200554650003100706650002500737655002900762700003700791710001700828856012600845999001700971ebr10263727CaPaEBRm u cr cn|||||||||080506s2009 enka sb 001 0 eng d z 2008020585 z9780195365740 z0195365747 aCaPaEBRcCaPaEBR a(OCoLC)64678046814aRC485b.F56 2009eb1 aFink, Max,d1923-10aElectroconvulsive therapyh[electronic resource] :ba guide for professionals and their patients /cMax Fink. aOxford ;aNew York :bOxford University Press,c2009. axvi, 162 p. :bill. aRev. ed. of: Electroshock : healing mental illness. 2003. aIncludes bibliographical references (p. 139-151) and index. aElectronic reproduction.bPalo Alto, Calif. :cebrary,d2009.nAvailable via World Wide Web.nAccess may be limited to ebrary affiliated libraries. 0aElectroconvulsive therapy. 0aElectrotherapeutics. 7aElectronic books.2local1 aFink, Max,d1923-tElectroshock.2 aebrary, Inc.40uhttp://site.ebrary.com/lib/rucke/Doc?id=10263727zAn electronic book accessible through the World Wide Web; click to view c27623d27623